Gateway to freedom : (Record no. 122829)
[ view plain ]
| 000 -LEADER | |
|---|---|
| fixed length control field | 01462cam a22003378i 4500 |
| 001 - CONTROL NUMBER | |
| control field | 18445858 |
| 003 - CONTROL NUMBER IDENTIFIER | |
| control field | ARRUPE |
| 005 - DATE AND TIME OF LATEST TRANSACTION | |
| control field | 20150513131222.0 |
| 008 - FIXED-LENGTH DATA ELEMENTS--GENERAL INFORMATION | |
| fixed length control field | 150112s2015 nyu b 001 0 eng |
| 010 ## - LIBRARY OF CONGRESS CONTROL NUMBER | |
| LC control number | 2014036993 |
| 020 ## - INTERNATIONAL STANDARD BOOK NUMBER | |
| International Standard Book Number | 9780393244076 (hardcover) |
| 040 ## - CATALOGING SOURCE | |
| Original cataloging agency | DLC |
| Language of cataloging | eng |
| Description conventions | rda |
| Transcribing agency | DLC |
| 042 ## - AUTHENTICATION CODE | |
| Authentication code | pcc |
| 043 ## - GEOGRAPHIC AREA CODE | |
| Geographic area code | n-us--- |
| 050 00 - LIBRARY OF CONGRESS CALL NUMBER | |
| Classification number | E450 |
| Item number | .F66 2015 |
| 082 00 - DEWEY DECIMAL CLASSIFICATION NUMBER | |
| Classification number | 973.7/115 |
| Edition number | 23 |
| 300 ## - PHYSICAL DESCRIPTION | |
| Dimensions | 25cm. |
| 100 1# - MAIN ENTRY--PERSONAL NAME | |
| Personal name | Foner, Eric, |
| Dates associated with a name | 1943- |
| 9 (RLIN) | 17774 |
| 245 10 - TITLE STATEMENT | |
| Title | Gateway to freedom : |
| Remainder of title | the hidden history of the underground railroad / |
| Statement of responsibility, etc | Eric Foner. |
| 250 ## - EDITION STATEMENT | |
| Edition statement | First edition. |
| 260 ## - PUBLICATION, DISTRIBUTION, ETC. (IMPRINT) | |
| Place of publication, distribution, etc | New York |
| Name of publisher, distributor, etc | W.W. Norton |
| Date of publication, distribution, etc | 2015 |
| 263 ## - PROJECTED PUBLICATION DATE | |
| Projected publication date | 1501 |
| 300 ## - PHYSICAL DESCRIPTION | |
| Extent | xiii, 301p.; |
| 504 ## - BIBLIOGRAPHY, ETC. NOTE | |
| Bibliography, etc | Includes bibliographical references and index. |
| 505 0# - FORMATTED CONTENTS NOTE | |
| Formatted contents note | Introduction: rethinking the underground railroad -- Slavery and freedom in New York -- The New York Vigilance Committee -- A patchwork system: the underground railroad in the 1840s -- The Fugitive Slave Law and the crisis of the Black community -- The metropolitan corridor -- The record of fugitives -- The end of the underground railroad. |
| 650 #0 - SUBJECT ADDED ENTRY--TOPICAL TERM | |
| Topical term or geographic name as entry element | Underground railroad. |
| 9 (RLIN) | 17775 |
| 650 #0 - SUBJECT ADDED ENTRY--TOPICAL TERM | |
| Topical term or geographic name as entry element | Fugitive slaves |
| Geographic subdivision | United States |
| General subdivision | History |
| Chronological subdivision | 19th century. |
| 9 (RLIN) | 17776 |
| 650 #0 - SUBJECT ADDED ENTRY--TOPICAL TERM | |
| Topical term or geographic name as entry element | Antislavery movements |
| Geographic subdivision | United States |
| General subdivision | History |
| Chronological subdivision | 19th century. |
| 9 (RLIN) | 17777 |
| 906 ## - LOCAL DATA ELEMENT F, LDF (RLIN) | |
| a | 7 |
| b | cbc |
| c | orignew |
| d | 1 |
| e | ecip |
| f | 20 |
| g | y-gencatlg |
| 942 ## - ADDED ENTRY ELEMENTS (KOHA) | |
| Source of classification or shelving scheme | Library of Congress Classification |
| Koha item type | Monograph ( Printed materials) |
| Withdrawn status | Lost status | Source of classification or shelving scheme | Damaged status | Not for loan | Collection code | Home library | Current library | Shelving location | Date acquired | Total Checkouts | Full call number | Barcode | Date last seen | Price effective from | Koha item type |
|---|---|---|---|---|---|---|---|---|---|---|---|---|---|---|---|
| Library of Congress Classification | Main Collection | ARRUPE LIBRARY | ARRUPE LIBRARY | Main Collection | 13/05/2015 | E450.F66 2015 | 46500002328 | 13/12/2017 | 13/05/2015 | Monograph ( Printed materials) |